Most visited Museums in the World & their Countries and Cities - Statistics

General Stats
  • This quiz has been taken 294 times
  • The average score is 24 of 46
Answer Stats
Visitors Museum % Correct
Paris
94%
France
92%
New York City
91%
London
90%
7,400,000 Louvre
90%
United States
89%
United Kingdom
88%
Spain
83%
Madrid
82%
Italy
73%
Russia
73%
Amsterdam
71%
Washington, D.C
71%
Netherlands
70%
Saint Petersburg
70%
Moscow
66%
Florence
63%
Mexico
61%
Mexico City
61%
3,460,500 Victoria and Albert Museum
61%
6,420,000 British Museum
60%
Australia
55%
Brazil
51%
5,839,000 Tate Modern
51%
Melbourne
49%
7,006,000 Metropolitan Museum of Art
48%
4,119,000 State Hermitage Museum
47%
Rio de Janeiro
46%
2,790,000 Museum of Modern Art
45%
3,033,754 Museo del Prado
44%
6,263,000 National Gallery
42%
Vatican City
42%
Vatican City
42%
6,067,000 Vatican Museums
42%
3,000,000 Musée d'Orsay
40%
2,010,631 Galleria degli Uffizi
35%
2,100,000 Van Gogh Museum
33%
2,500,000 Rijksmuseum
31%
2,668,000 National Gallery of Victoria
19%
3,649,000 Reina Sofia
19%
4,260,000 National Gallery of Art
13%
2,528,550 State Russian Museum
9%
2,325,795 Tretyakov Gallery
6%
2,216,000 Centro Cultural Banco do Brasil
1%
3,335,509 Musée National d'Art Moderne
1%
2,246,000 Museo Soumaya
1%
No matching quizzes found
Score Distribution
Percent of People with Each Score
Percentile by Number Answered
Your Score History
You have not taken this quiz